000 00216nam a22000857a 4500
008 170613b xxu||||| |||| 00| 0 eng d
100 _93378
_aTripathu. S. B
245 _aLab Mathematics - X
260 _aNew Delhi
_bABC
_c2009
999 _c6721
_d6721